Представление документа в формате RUSMARC

ПолеНазваниеЗначение
  Тип записи a
  Библиографический уровень m
001 Контрольный номер RU/IS/BASE/358531815
005 Дата корректировки 20201206204803.1
010 Индекс ISBN __
a ISBN 5-9556-0082-5 (ИНТУИТ. РУ). - 5-94774-600-X (БИНОМ. ЛЗ)
d Цена 236-75
100 Данные общей обработки __
a Данные общей обработки 19061003d2007 |||y0rusy0189 ca
101 Язык документа __
a Язык текста rus
102 Страна публикации __
a Страна публикации RU
105 Кодированные данные (монография) __
a Кодированные данные (монография) y zzzz000zy
200 Заглавие и сведения об ответственности 1_
a Заглавие Введение в цифровую схемотехнику
e Сведения, относящиеся к заглавию учеб. пособие
f Первые сведения об ответственности Новиков Ю. В.
b Общее обозначение материала Текст
210 Выходные данные __
a Место издания М.
c Издательство Интернет-Ун-т информ. технологий
c Издательство БИНОМ. Лаб. знаний
d Дата издания 2010
215 Физическое описание __
a Объем 344 с.
c Иллюстрации/тип воспроизводства ил., табл.
d Формат 22 см
225 Серия __
a Серия Основы информационных технологий
320 Библиография __
a Библиография Библиогр.: с. 331-332 (30 назв.)
330 Аннотация __
a Аннотация Учебное пособие по основам цифровой схемотехники. В нем рассматриваются принципы работы цифровой электроники, базовые элементы цифровых схем, стандартные схемы включения этих элементов, алгоритмы проектирования цифровых устройств - от простейших до сложных. Данное пособие предназначено для тех, кто желает самостоятельно освоить цифровую схемотехнику, для студентов соответствующих специальностей, а также может быть полезна специалистам, занимающимся разработкой и обслуживанием цифровых электронных систем.
606 Тематические рубрики __
a Основная рубрика Радиоэлектроника
606 Тематические рубрики __
a Основная рубрика Радиоаппаратура
610 Ключевые слова __
a Ключевые слова логические элементы; цифровая схемотехника; микросхемы памяти; триггеры; регистры; цифровая электроника; логические элементы; комбинационные микросхемы; цифровые микросхемы; цифровые устройства; комбинационные микросхемы; дешифраторы; синхронные счетчики; оперативная память; микросхемы
686 Индексы других классификаций __
a Классификационный индекс 32.844я73
700 Автор _1
a Фамилия Новиков
b Имя Ю. В.
g Полное личное имя Юрий Витальевич
4 Код отношения 070
801 Источник записи _0
a Страна RU
b Организация Муниципальное бюджетное учреждение культуры "Централизованная библиотечная система" г. Сургут (Центральная городская библиотека им. А. С. Пушкина)
c Дата составления 20061003
g Правила каталогизации КиК/Елгина
801 Источник записи _1
a Страна RU
b Организация Муниципальное бюджетное учреждение культуры "Централизованная библиотечная система" г. Сургут (Центральная городская библиотека им. А. С. Пушкина)
c Дата составления 20061003
g Правила каталогизации КиК/Елгина
852 Данные о местонахождении __
j Шифр хранения 32.844я73
i Авторский знак Н 73
901 Тип документа __
t Тип документа m
903 Характеристики (МАРС) __
a Дата передачи 20110512
969 Тип издания __
a Тип издания учебное пособие
990 Данные о заказе (DOS) __
j Количество экземпляров (DOS) 2
t N записи в КСУ для И/У (DOS) 201106